Introducing the HTML5 web speech API : (Record no. 227148)
[ view plain ]
| 000 -LEADER | |
|---|---|
| fixed length control field | 00775nam a22002057a 4500 |
| 005 - DATE AND TIME OF LATEST TRANSACTION | |
| control field | 20230410111917.0 |
| 008 - FIXED-LENGTH DATA ELEMENTS--GENERAL INFORMATION | |
| fixed length control field | 230410b ||||| |||| 00| 0 eng d |
| 020 ## - INTERNATIONAL STANDARD BOOK NUMBER | |
| International Standard Book Number | 9781484275290 |
| 040 ## - CATALOGING SOURCE | |
| Transcribing agency | AIMIT LIBRARY |
| 082 ## - DEWEY DECIMAL CLASSIFICATION NUMBER | |
| Edition number | 1 |
| Classification number | 004.606 |
| Item number | LIBA |
| 100 ## - MAIN ENTRY--PERSONAL NAME | |
| Personal name | Libby, Alex. |
| 9 (RLIN) | 85271 |
| 245 ## - TITLE STATEMENT | |
| Title | Introducing the HTML5 web speech API : |
| Remainder of title | your practical introduction to adding browser- based speech capabilities to your websites and online applications / |
| Statement of responsibility, etc. | By Alex Libby. |
| 250 ## - EDITION STATEMENT | |
| Edition statement | 1st ed. |
| 260 ## - PUBLICATION, DISTRIBUTION, ETC. | |
| Place of publication, distribution, etc. | New York ; |
| Name of publisher, distributor, etc. | Apress , |
| Date of publication, distribution, etc. | 2020. |
| 300 ## - PHYSICAL DESCRIPTION | |
| Extent | xxi,339p. ; |
| Other physical details | PB |
| Dimensions | 23 cm. |
| 650 ## - SUBJECT ADDED ENTRY--TOPICAL TERM | |
| Topical term or geographic name entry element | Exploring the APIs in more detail |
| 9 (RLIN) | 85272 |
| 650 ## - SUBJECT ADDED ENTRY--TOPICAL TERM | |
| Topical term or geographic name entry element | Supporting mobile devices |
| 9 (RLIN) | 85273 |
| 650 ## - SUBJECT ADDED ENTRY--TOPICAL TERM | |
| Topical term or geographic name entry element | Combining the APIs: building a chatbot |
| 9 (RLIN) | 85274 |
| 942 ## - ADDED ENTRY ELEMENTS (KOHA) | |
| Source of classification or shelving scheme | Dewey Decimal Classification |
| Koha item type | Book |
| Edition | 1st |
| Call number prefix | 004.606 LIBA |
| Withdrawn status | Lost status | Source of classification or shelving scheme | Damaged status | Not for loan | Collection code | Home library | Current library | Date acquired | Source of acquisition | Cost, normal purchase price | Inventory number | Total Checkouts | Full call number | Barcode | Date last seen | Cost, replacement price | Price effective from | Koha item type |
|---|---|---|---|---|---|---|---|---|---|---|---|---|---|---|---|---|---|---|
| Dewey Decimal Classification | MCA | St Aloysius Institute of Management & Information Technology | St Aloysius Institute of Management & Information Technology | 03/20/2023 | Biblios Book Point | 999.00 | Bill no:8480; Bill dt:2023-03-23 | 004.606 LIBA | MCA17194 | 07/21/2025 | 779.00 | 04/10/2023 | Book |